| 000 | 01087naa a22002897a 4500 | ||
|---|---|---|---|
| 001 | BR9102699 | ||
| 003 | BR-BrBNA | ||
| 005 | 20250721155409.0 | ||
| 007 | ta | ||
| 008 | 250630b bl.|||m| |||| 00| 0 por d | ||
| 040 |
_aBR-BrBNA _bpor _cBiblioteca Nacional de Agricultura |
||
| 041 | _a(Pt) | ||
| 072 |
_aA50 _b/G514 |
||
| 090 | _aA50 BR9102699 | ||
| 100 | 1 | _aGoncalves, J.S. | |
| 100 | 1 | _aMartin, N.B. | |
| 100 | 1 | _aLima, P.V. | |
| 245 | 1 | _aPrograma de difusao de tecnologia | |
| 500 | _aPesquisa agropecuaria: programacao para o periodo 1987-90 Sao Paulo, SP (Brasil): 1987. p. 53-68 (BR9102699-AMS) | ||
| 773 | 0 |
_tPesquisa agropecuaria: programacao para o periodo 1987-90 _wA50 BR9102699 _gSao Paulo, SP (Brasil), 1987. p. 53-68 |
|
| 650 | _aPROGRAMA DE PESQUISA | ||
| 650 | _aDIFUSAO DE TECNOLOGIA | ||
| 650 | _aSAO PAULO | ||
| 490 |
_aComunicacao da Pesquisa Agropecuaria - Secretaria da Agricultura e Abastecimento do Estado de Sao Paulo. Coordenadoria da Pesquisa Agropecuaria (Brazil) _vv. 5(3) |
||
| 942 |
_cAMS _2AGRIS |
||
| 909 |
_a202506 _bLúcia _c55 _dLúcia Elande |
||
| 999 |
_c336270 _d336270 |
||